| 000 | 00611nam a2200217 a 4500 | ||
|---|---|---|---|
| 005 | 20200104041511.0 | ||
| 008 | 140220b1985 ck ||||| |||| 00| 0 spa d | ||
| 041 | _aspa | ||
| 044 | _ack | ||
| 090 |
_aLB _b00463 |
||
| 100 |
_aGonzález Fletcher, Alvaro _97798 |
||
| 245 | _aEstudio general de suelos del oriente de Cundinamarca y municipio de Umbita (Boyacá) | ||
| 260 |
_aBogotá _bIGAC _c1985 |
||
| 300 | _a674 p. | ||
| 650 |
_aSuelos _9287 |
||
| 650 |
_aInventarios _992201 |
||
| 662 |
_aColombia _dUmbita _bBoyacá |
||
| 662 |
_aColombia _bCundinamarca |
||
| 650 |
_91764 _aGeología |
||
| 942 |
_cImpreso _2z |
||
| 999 |
_c482 _d482 |
||